|
|
|
|
| LEADER |
00000nam a22000007a 4500 |
| 005 |
20180227211428.0 |
| 007 |
cr|||| ||| |
| 008 |
180227s2011 mx |||||s|||| 00||0 spa d |
| 020 |
|
|
|a 978-607-7620-78-5
|
| 035 |
|
|
|a 21006
|
| 040 |
|
|
|a vLex
|
| 090 |
|
|
|c 7420
|d 7420
|
| 100 |
1 |
|
|a Tejero Gonzl̀ez, Jess︢ Alberto
|
| 245 |
1 |
0 |
|a Estados Financieros y sus notas
|h [Recurso electrn̤ico] :
|b Gua̕ para su preparacin̤ /
|c Jess︢ Alberto Tejero Gonzl̀ez, Óscar Mendoza Escalante, Fernando Holgun̕ Maillard
|
| 256 |
|
|
|a Servicio en ln̕ea
|
| 260 |
|
|
|a Mx̌ico DF:
|b Instituto Mexicano de Contadores Pb︢licos,
|c 2011
|
| 300 |
|
|
|a 1 recurso electrn̤ico
|
| 506 |
1 |
|
|a Disponible solo en los productos indicados
|d vLex Global
|d vLex Global (Academic Edition, excluding Law Schools)
|d vLex Global (U.S. Academic Edition, Law Schools)
|d vLex Global (U.S. Academic Edition, excluding Law Schools)
|d vLex Global (Academic Edition, Law Schools)
|
| 650 |
0 |
4 |
|a Contabilidad
|z Mx̌ico
|
| 700 |
1 |
|
|a Mendoza Escalante, Óscar
|
| 700 |
1 |
|
|a Holgun̕ Maillard, Fernando
|
| 740 |
0 |
|
|a vLex Libros (Servicio en ln̕ea)
|
| 856 |
4 |
0 |
|u http://vlex.com/source/estados-financieros-21006
|z Acceso restringido
|
| 942 |
|
|
|c BOOK
|
| 999 |
0 |
|
|a Accounting
|